| 000 | 00749nam a2200241 a 4500 | ||
|---|---|---|---|
| 001 | BRCA_5803 | ||
| 005 | 20190320205223.0 | ||
| 008 | 100311s1900----enk#######---#000-0#eng-# | ||
| 041 | _aeng | ||
| 044 | _aUk | ||
| 050 | 4 |
_aND588.D9 _b.D97 1900 |
|
| 245 | 1 | 0 |
_aDurer _bin full color. |
| 260 |
_a[Alemania] _c1900 |
||
| 300 |
_a1 v. (sin paginación) _bil. a color, 10 postales _c15 cm. |
||
| 500 | _aIncluye biografía de Alberto Durero | ||
| 500 | _aAn Assortment of 10 Cards, reproductions of the artists most representative work | ||
| 500 | _aPostales inventariadas por Banco de México como libro | ||
| 500 | _aG15 | ||
| 600 | 1 | 4 |
_aDurero, Alberto _d1471-1528 _910301 |
| 650 | 1 | 4 |
_aPintores alemanes _9797 |
| 902 | _aGFM | ||
| 942 |
_2lcc _cB |
||
| 999 |
_c5492 _d5492 |
||